000 01401cam a2200385 i 4500
999 _c9675
_d9675
001 18506384
003 GBCCL
005 20241126110716.0
008 150225s2015 ilu b 001 0 eng
010 _a 2015007840
020 _a9781433512001 (hc)
020 _a1433512009 (hc)
020 _z9781433512018 (PDF)
020 _z9781433512025 (Mobipocket)
020 _z978143523960 (ePub)
040 _aDLC
_beng
_cDLC
_erda
_dDLC
042 _apcc
050 0 0 _aBS2675.53
_b.U4 2015
082 0 0 _a220.7
_a227/.207
_223
_bPRE
100 1 _aUm, Stephen T.,
_eauthor.
_915614
245 1 0 _a1 Corinthians :
_bthe word of the cross /
_cStephen T. Um.
246 3 _aOne Corinthians
264 1 _aWheaton, Illinois :
_bCrossway,
_c[2015]
300 _a366 pages ;
_c24 cm.
336 _atext
_btxt
_2rdacontent
337 _aunmediated
_bn
_2rdamedia
338 _avolume
_bnc
_2rdacarrier
490 0 _aPreaching the word
504 _aIncludes bibliographical references and index.
630 0 0 _aBible.
_pCorinthians, 1st
_vCommentaries.
_913584
776 0 8 _iOnline version:
_aUm, Stephen T.
_t1 Corinthians
_dWheaton, Illinois : Crossway, [2015]
_z9781433512018
_w(DLC) 2015009195
906 _a7
_bcbc
_corignew
_d1
_eecip
_f20
_gy-gencatlg
942 _2ddc
_cREF